Physical geology. / (Record no. 1817)

MARC details
000 -LEADER
fixed length control field 01282nam a22002057a 4500
008 - FIXED-LENGTH DATA ELEMENTS--GENERAL INFORMATION
fixed length control field 120724t xxu||||| |||| 00| 0 eng d
020 ## - INTERNATIONAL STANDARD BOOK NUMBER
International Standard Book Number 007252815x
050 ## - LIBRARY OF CONGRESS CALL NUMBER
Classification number QE28.2.P58
100 ## - MAIN ENTRY--PERSONAL NAME
Personal name Plummer, Charles C.
245 ## - TITLE STATEMENT
Title Physical geology. /
Statement of responsibility, etc. Charles C. Plummer, David McGeary and Diane H. Carlson
250 ## - EDITION STATEMENT
Edition statement 10th ed.
260 ## - PUBLICATION, DISTRIBUTION, ETC.
Place of publication, distribution, etc. Boston:
Name of publisher, distributor, etc. Higher education,
Date of publication, distribution, etc. c2005.
300 ## - PHYSICAL DESCRIPTION
Extent xix, 580 + various pagings:
Other physical details ill.;
Dimensions 28cm.
500 ## - GENERAL NOTE
General note Includes index.
505 ## - FORMATTED CONTENTS NOTE
Formatted contents note Contens: Introducing geology and an overview of important concepts -- Atoms, elements, and minerals -- Igneous rocks, intrusive activity, and the origin of igneous rocks -- Volcanism and extrusive rocks -- Weathering and soil -- Sediment and sedimentary rocks -- Metamorphism, metamorphic rocks, and hydrothermal rocks -- Time and geology -- Mass wasting -- Streams and floods -- Ground water -- Glaciers and glaciation -- Desert and wind action -- Waves, beaches, and coasts -- Geologic structures -- Earthquakes -- Earth's interior and geophysical properties -- The Sea floor -- Plate tectonics -- Mountain belts and the continental crust -- Geologic resources -- The Earth's companions.
650 ## - SUBJECT ADDED ENTRY--TOPICAL TERM
Topical term following geographic name entry element Geology.
700 ## - ADDED ENTRY--PERSONAL NAME
Personal name McGeary, David (Late)
700 ## - ADDED ENTRY--PERSONAL NAME
Personal name Carlson, Diane H.
942 ## - ADDED ENTRY ELEMENTS (KOHA)
Source of classification or shelving scheme Library of Congress Classification
Koha item type Books
Holdings
Withdrawn status Lost status Source of classification or shelving scheme Damaged status Not for loan Home library Current library Shelving location Date acquired Total Checkouts Full call number Barcode Date last seen Copy number Price effective from Koha item type
    Library of Congress Classification     WISCONSIN INTERNATIONAL UNIVERSITY COLLEGE, GHANA - MAIN LIBRARY WISCONSIN INTERNATIONAL UNIVERSITY COLLEGE, GHANA - MAIN LIBRARY General Stacks 24/07/2012   QE28.2.P58 4833/12 24/07/2012 1 24/07/2012 Books
    Library of Congress Classification     WISCONSIN INTERNATIONAL UNIVERSITY COLLEGE, GHANA - MAIN LIBRARY WISCONSIN INTERNATIONAL UNIVERSITY COLLEGE, GHANA - MAIN LIBRARY General Stacks 24/07/2012   QE28.2.P581 4834/12 24/07/2012 2 24/07/2012 Books

If you have any concerns or questions; kindly contact the library


© Powered by WIUC ICT DIRECTORATE